The devil really is in the detail (Record no. 74999)
[ view plain ]
| 000 -LEADER | |
|---|---|
| fixed length control field | 01735cab a2200229 4500 |
| 001 - CONTROL NUMBER | |
| control field | ABS68790 |
| 008 - FIXED-LENGTH DATA ELEMENTS--GENERAL INFORMATION | |
| fixed length control field | 050401n2005 000 0 eng u |
| 035 ## - SYSTEM CONTROL NUMBER | |
| System control number | (Sirsi) u129216 |
| 100 ## - MAIN ENTRY--PERSONAL NAME | |
| Personal name | Dilley, S. |
| 245 #4 - TITLE STATEMENT | |
| Title | The devil really is in the detail |
| 260 ## - PUBLICATION, DISTRIBUTION, ETC. | |
| Date of publication, distribution, etc. | 2005 |
| 490 ## - SERIES STATEMENT | |
| Series statement | New Law Journal |
| Volume/sequential designation | 155(7167) 11 March 2005, 350-351(2) |
| 520 ## - SUMMARY, ETC. | |
| Summary, etc. | Examines the implications of "George Wimpey UK Ltd v VI Construction Ltd" ([2005] EWHC Civ 77, Times 16 February 2005) in respect of rectification of contracts and the inference of honesty. Claimant developer (W) had entered into a contract with the defendant land vendor (VI), which included an overage payment condition. Both parties agreed that the overage payment formula would need increasing as the development was enhanced. VI's new overage formula omitted the value of the enhancements. W failed to notice this when signing the contract and sought contract rectification in the HC. The HC ruled that VI had crossed the line from legitimate negotiation into the area of unfair dealing by failing to draw W's attention to the elimination of the enhancements. VI successfully appealed with the CA deciding that dishonesty must be pleaded in full and put to the person who was alleged to be dishonest. CA held that the requirements for rectification for unilateral mistake were not met. View the appeal case at www.bailii.org. |
| 590 ## - LOCAL NOTE (RLIN) | |
| Local note | ABS |
| 650 ## - SUBJECT ADDED ENTRY--TOPICAL TERM | |
| Topical term or geographic name entry element | GEORGE WIMPEY UK LTD V VI COMPONENTS LTD |
| 650 ## - SUBJECT ADDED ENTRY--TOPICAL TERM | |
| Topical term or geographic name entry element | Contracts |
| 9 (RLIN) | 6232 |
| 650 ## - SUBJECT ADDED ENTRY--TOPICAL TERM | |
| Topical term or geographic name entry element | NEGOTIATION |
| 650 ## - SUBJECT ADDED ENTRY--TOPICAL TERM | |
| Topical term or geographic name entry element | OVERAGE PAYMENTS |
| 690 ## - LOCAL SUBJECT ADDED ENTRY--TOPICAL TERM (OCLC, RLIN) | |
| Topical term or geographic name as entry element | BUILT ENVIRONMENT-BUILDING CONTRACT FORMS |
| 856 ## - ELECTRONIC LOCATION AND ACCESS | |
| Uniform Resource Identifier | <a href="https://www.bailii.org/ew/cases/EWCA/Civ/2005/77.html">https://www.bailii.org/ew/cases/EWCA/Civ/2005/77.html</a> |
| Public note | View the decision on the BAILII website... |
| 942 ## - ADDED ENTRY ELEMENTS (KOHA) | |
| Suppress in OPAC | 0 |
| Withdrawn status | Lost status | Source of classification or shelving scheme | Damaged status | Not for loan | Home library | Current library | Shelving location | Date acquired | Total Checkouts | Full call number | Barcode | Date last seen | Copy number | Price effective from | Koha item type |
|---|---|---|---|---|---|---|---|---|---|---|---|---|---|---|---|
| Dewey Decimal Classification | London | London | Journal article | 01/04/2005 | ABS68790 | 129216-1001 | 06/08/2019 | 1 | 06/08/2019 | Journal article |